[Event " HL Men's 64. RUS Chmp. 2011"]
[Site "Taganrog"]
[Date "2011.06.23"]
[Round "8"]
[Board "1"]
[White "Zakhartsov, Viacheslav V"]
[Black "Stukopin, Andrey"]
[Result "1/2-1/2"]
[WhiteElo "2578"]
[BlackElo "2471"]
[PlyCount "93"]
[EventDate "2011.06.15"]
[EventRounds "11"]
[EventCountry "RUS"]

1.d4 c5 2.d5 d6 3.c4 g6 4.e4 e6 5.Nc3 exd5 6.cxd5 Bg7 7.Nf3 a6 8.a4 Bg4 9.Be2
Bxf3 10.Bxf3 Nd7 11.O-O Ne7 12.Bf4 Ne5 13.Be2 O-O 14.Qd2 f5 15.Bg5 Nf7 16.Bxe7
Qxe7 17.exf5 gxf5 18.Rfe1 Qh4 19.g3 Qd4 20.Qxd4 Bxd4 21.Kg2 f4 22.Ne4 Ne5 23.f3
Rad8 24.Rab1 Be3 25.b3 a5 26.Bb5 h6 27.Re2 Bd4 28.Rf1 Rf7 29.Rc2 Ng6 30.Re2 Ne5
31.Nd2 Be3 32.Nc4 Nxc4 33.Bxc4 Kg7 34.Rfe1 Bd4 35.Re6 Be5 36.Bd3 Rg8 37.g4 Rf6
38.Re7+ Rf7 39.Re6 Rf6 40.Re7+ Rf7 41.R1xe5 dxe5 42.Rxe5 Rd8 43.Kh3 Rdd7 44.Bf5
Rd6 45.Bd3 Rdd7 46.Bf5 Rd6 47.Bd3 1/2-1/2

[Event " HL Men's 64. RUS Chmp. 2011"]
[Site "Taganrog"]
[Date "2011.06.23"]
[Round "8"]
[Board "1"]
[White "Bryzgalin, Kirill"]
[Black "Chadaev, Nikolai"]
[Result "1/2-1/2"]
[WhiteElo "2473"]
[BlackElo "2577"]
[PlyCount "90"]
[EventDate "2011.06.15"]
[EventRounds "11"]
[EventCountry "RUS"]

1.d4 d5 2.c4 c6 3.cxd5 cxd5 4.Nc3 Nf6 5.Nf3 Nc6 6.Bf4 Bf5 7.Rc1 e6 8.Qb3 Bb4
9.Ne5 Qb6 10.a3 Bxc3+ 11.Rxc3 Qxb3 12.Rxb3 Nxd4 13.Rxb7 O-O 14.f3 Rfb8 15.Rxb8+
Rxb8 16.g4 Bb1 17.b4 Nc2+ 18.Kf2 Nxa3 19.Nc4 Rxb4 20.Nxa3 Rxf4 21.Nxb1 Nxg4+
22.Kg3 Rb4 23.Bh3 Ne5 24.Nc3 g6 25.Ra1 Rb3 26.Na4 Nd7 27.Rc1 Rb4 28.Rc7 Rxa4
29.Rxd7 a5 30.Ra7 Ra2 31.Bf1 Ra1 32.Kf2 Ra2 33.Kg3 Ra1 34.Kf2 a4 35.e4 dxe4
36.fxe4 a3 37.Bc4 Kf8 38.h3 h6 39.e5 Rc1 40.Ra4 Rc3 41.h4 h5 42.Be2 Kg7 43.Bf3
Rc2+ 44.Kg3 a2 45.Ra8 Rb2 1/2-1/2

[Event " HL Men's 64. RUS Chmp. 2011"]
[Site "Taganrog"]
[Date "2011.06.23"]
[Round "8"]
[Board "1"]
[White "Sitnikov, Dmitrij"]
[Black "Shomoev, Anton"]
[Result "0-1"]
[WhiteElo "2463"]
[BlackElo "2566"]
[PlyCount "136"]
[EventDate "2011.06.15"]
[EventRounds "11"]
[EventCountry "RUS"]

1.d4 Nf6 2.Nf3 g6 3.Bg5 Bg7 4.c3 d6 5.Nbd2 h6 6.Bh4 O-O 7.e3 c5 8.Bd3 Qb6 9.O-O
Be6 10.dxc5 dxc5 11.Qc2 Nc6 12.Bxf6 exf6 13.Bc4 Bxc4 14.Nxc4 Qa6 15.Nd6 f5
16.Qb3 Na5 17.Qd5 Rad8 18.Rad1 Rd7 19.Ne5 Rxd6 20.Qxd6 Qxd6 21.Rxd6 Bxe5 22.Rd5
Nc6 23.Rfd1 b6 24.f4 Bc7 25.Rd7 Rc8 26.h3 h5 27.g3 Kf8 28.Kg2 Ne7 29.c4 Ng8
30.Kf3 Nf6 31.R7d3 Ke7 32.Ra3 Bb8 33.Rad3 Rg8 34.h4 Rc8 35.Ke2 Bc7 36.Kf3 Ke6
37.Ra3 Bb8 38.Rad3 Bc7 39.Ra3 Ra8 40.Rad3 Ne4 41.Ra3 Nd6 42.Rc1 Bd8 43.Rc2 Bf6
44.Rd3 Ne4 45.Kg2 Be7 46.Kf3 Bd6 47.Ra3 Kd7 48.Kg2 Kc6 49.Kf3 Be7 50.Kg2 Bf6
51.Kf3 Nd6 52.Rd3 Re8 53.b3 Ne4 54.Kg2 Ra8 55.Kf3 Be7 56.Rd1 Bd6 57.Ra1 Rd8
58.Rcc1 a6 59.Rd1 b5 60.Rac1 Ra8 61.Rd3 Ra7 62.Kg2 Be7 63.Kf3 Bf6 64.Rc2 b4
65.Kg2 a5 66.Kf3 a4 67.bxa4 Rxa4 68.Kg2 Ra8 0-1

[Event " HL Men's 64. RUS Chmp. 2011"]
[Site "Taganrog"]
[Date "2011.06.23"]
[Round "8"]
[Board "1"]
[White "Mokshanov, Alexey"]
[Black "Grigoriants, Sergey"]
[Result "1/2-1/2"]
[WhiteElo "2393"]
[BlackElo "2562"]
[PlyCount "47"]
[EventDate "2011.06.15"]
[EventRounds "11"]
[EventCountry "RUS"]

1.e4 c6 2.d4 d5 3.exd5 cxd5 4.c3 Nc6 5.Bf4 Nf6 6.Nf3 g6 7.Bd3 Bf5 8.O-O Bg7
9.Ne5 Bxd3 10.Qxd3 Nh5 11.Qe3 Nxf4 12.Qxf4 Nxe5 13.dxe5 Qb6 14.Qa4+ Qc6 15.Qd4
O-O 16.Nd2 Rfc8 17.Nf3 Qb5 18.Qd2 Qc4 19.Rfd1 e6 20.Qc2 Qc7 21.Qe2 Qc4 22.Qc2
Qc7 23.Qe2 Qc4 24.Qc2 1/2-1/2

[Event " HL Men's 64. RUS Chmp. 2011"]
[Site "Taganrog"]
[Date "2011.06.23"]
[Round "8"]
[Board "1"]
[White "Goganov, Aleksey"]
[Black "Shimanov, Aleksandr"]
[Result "0-1"]
[WhiteElo "2480"]
[BlackElo "2583"]
[PlyCount "52"]
[EventDate "2011.06.15"]
[EventRounds "11"]
[EventCountry "RUS"]

1.d4 d6 2.e4 Nf6 3.Nc3 g6 4.g3 Bg7 5.Bg2 O-O 6.Nge2 e5 7.h3 Nc6 8.Be3 Bd7 9.O-O
exd4 10.Nxd4 Re8 11.Re1 a6 12.g4 Ne5 13.b3 c5 14.Nde2 Nfxg4 15.hxg4 Bxg4 16.Bf4
Qh4 17.Bg3 Qh5 18.Qd5 g5 19.Bxe5 Bxe5 20.Ng3 Qh4 21.Qd3 Re6 22.Nd5 Rh6 23.Ne7+
Kh8 24.Nef5 Qh2+ 25.Kf1 Rf6 26.Bf3 Bxg3 0-1

[Event " HL Men's 64. RUS Chmp. 2011"]
[Site "Taganrog"]
[Date "2011.06.23"]
[Round "8"]
[Board "1"]
[White "Mikhailov, Sergey"]
[Black "Rodin, Dmitrij"]
[Result "1/2-1/2"]
[WhiteElo "2399"]
[BlackElo "2404"]
[PlyCount "65"]
[EventDate "2011.06.15"]
[EventRounds "11"]
[EventCountry "RUS"]

1.d4 Nf6 2.Nf3 e6 3.Bg5 c5 4.e3 Be7 5.c3 b6 6.Nbd2 Bb7 7.h3 Nc6 8.Bd3 Rc8 9.O-O
O-O 10.Qe2 cxd4 11.exd4 Nd5 12.Bxe7 Qxe7 13.Rfe1 Nf4 14.Qe3 Nxd3 15.Qxd3 Qf6
16.Rad1 Ne7 17.Ne4 Qf4 18.Qd2 Qc7 19.Ne5 f6 20.Nd3 Ng6 21.f3 a5 22.a3 Rce8
23.Qf2 d5 24.Qg3 e5 25.Nef2 Re7 26.dxe5 fxe5 27.Re3 Rf5 28.Rde1 Ba6 29.Qh2 Qc4
30.Qg3 Qc7 31.Qh2 Qc4 32.Qg3 Qc7 33.Qh2 1/2-1/2

[Event " HL Men's 64. RUS Chmp. 2011"]
[Site "Taganrog"]
[Date "2011.06.23"]
[Round "8"]
[Board "1"]
[White "Balashov, Yuri S"]
[Black "Polschikov, Alexey"]
[Result "0-1"]
[WhiteElo "2426"]
[BlackElo "2395"]
[PlyCount "105"]
[EventDate "2011.06.15"]
[EventRounds "11"]
[EventCountry "RUS"]

1.e4 c6 2.d3 d5 3.Nd2 dxe4 4.dxe4 e5 5.Ngf3 Nd7 6.Bc4 Bd6 7.Bb3 Ngf6 8.Nc4 Bc7
9.O-O O-O 10.Bg5 a5 11.a4 Qe7 12.Qe2 Nc5 13.Rad1 Re8 14.Qe3 Ncxe4 15.Bh4 Bf5
16.Rfe1 Bg6 17.h3 Rad8 18.Rxd8 Rxd8 19.Qa7 Qb4 20.Re2 Nd6 21.Nxd6 Bxd6 22.Qe3 e4
23.Nd2 Bc5 24.Qf4 e3 25.Qxb4 axb4 26.Nc4 Rd4 27.g4 Nxg4 28.hxg4 Rxg4+ 29.Bg3
exf2+ 30.Kf1 Rxg3 31.Re8+ Bf8 32.Kxf2 Rg4 33.Nd6 h5 34.Nxb7 h4 35.Nc5 h3 36.Nd7
h2 37.Nxf8 Bh5 38.Nd7+ Kh7 39.Re1 Rd4 40.Nc5 Rd2+ 41.Kg3 f5 42.Ne6 Kh6 43.a5 g5
44.a6 f4+ 45.Nxf4 gxf4+ 46.Kxf4 Rd1 47.a7 Rxe1 48.a8=Q Rf1+ 49.Kg3 h1=Q 50.Qh8+
Kg5 51.Qd8+ Rf6 52.Qd2+ Kg6 53.Qd3+ 0-1

[Event " HL Men's 64. RUS Chmp. 2011"]
[Site "Taganrog"]
[Date "2011.06.23"]
[Round "8"]
[Board "1"]
[White "Chuprov, Dmitry"]
[Black "Musalov, Ruslan"]
[Result "0-1"]
[WhiteElo "2520"]
[BlackElo "2399"]
[PlyCount "102"]
[EventDate "2011.06.15"]
[EventRounds "11"]
[EventCountry "RUS"]

1.e4 e5 2.Nf3 Nc6 3.Nc3 d6 4.Bc4 Bg4 5.h3 Bxf3 6.Qxf3 Qf6 7.Qd1 O-O-O 8.O-O g5
9.Qh5 Nh6 10.d3 Rg8 11.Nd5 Qg6 12.Qxg6 Rxg6 13.Ne3 Nd4 14.Kh2 b5 15.Bb3 Be7
16.g4 Kb7 17.Nd5 Re8 18.Be3 Bd8 19.Bxd4 exd4 20.f4 f6 21.a4 c6 22.Nb4 a5 23.Na2
d5 24.axb5 dxe4 25.bxc6+ Kb6 26.dxe4 Rxe4 27.Bc4 Bc7 28.Bd3 Rxf4 29.Rxf4 Bxf4+
30.Kg2 f5 31.gxf5 Rf6 32.Nc1 Nxf5 33.Nb3 Nh4+ 34.Kh1 Be3 35.Nxa5 Rf2 36.Be4 Bf4
37.Nb3 Re2 38.Bd5 Nf5 39.Bg2 Rxc2 40.Kg1 Be3+ 41.Kh1 h5 42.Na5 Bf4 43.b3 Kb5
44.Nc4 Kb4 45.Nb6 Kxb3 46.Nd5 Kb2 47.Rd1 Ne3 48.Nxe3 dxe3 49.Re1 g4 50.hxg4 hxg4
51.Be4 Rc1 0-1

[Event " HL Men's 64. RUS Chmp. 2011"]
[Site "Taganrog"]
[Date "2011.06.23"]
[Round "8"]
[Board "1"]
[White "Airapetian, Gor"]
[Black "Shukh, Nikolai"]
[Result "1-0"]
[WhiteElo "2460"]
[BlackElo "2438"]
[PlyCount "75"]
[EventDate "2011.06.15"]
[EventRounds "11"]
[EventCountry "RUS"]

1.d4 Nf6 2.c4 c5 3.d5 b5 4.cxb5 a6 5.bxa6 g6 6.Nc3 Bxa6 7.e4 Bxf1 8.Kxf1 d6 9.g3
Bg7 10.Kg2 O-O 11.Nf3 Nbd7 12.h3 Ra7 13.Re1 Qa8 14.Bg5 Rb8 15.Qc2 h6 16.Bf4 Ne8
17.Qd2 Rab7 18.b3 Qa5 19.Rac1 g5 20.Be3 Bxc3 21.Rxc3 Nef6 22.Bxg5 hxg5 23.Qxg5+
Kf8 24.Qh6+ Ke8 25.Qh8+ Nf8 26.Rc2 Kd7 27.Qg7 Ng6 28.Qxf7 Rg8 29.e5 Nh4+ 30.Nxh4
Qxe1 31.exf6 Re8 32.Nf3 Qe4 33.Rc4 Qe2 34.Ng5 Qe5 35.Qe6+ Qxe6 36.dxe6+ Kc6
37.f7 Rh8 38.Rh4 1-0

[Event " HL Men's 64. RUS Chmp. 2011"]
[Site "Taganrog"]
[Date "2011.06.24"]
[Round "9"]
[Board "1"]
[White "Timofeev, Artyom"]
[Black "Inarkiev, Ernesto"]
[Result "1-0"]
[WhiteElo "2665"]
[BlackElo "2679"]
[PlyCount "139"]
[EventDate "2011.06.15"]
[EventRounds "11"]
[EventCountry "RUS"]

1.c4 Nf6 2.Nc3 g6 3.d4 Bg7 4.e4 d6 5.Nf3 O-O 6.h3 e5 7.d5 Nh5 8.Nh2 Qe8 9.Be2
Nf4 10.Bf3 f5 11.g3 Nxh3 12.Bg2 fxe4 13.Be3 Bf5 14.Qd2 Na6 15.O-O-O Nb4 16.Kb1
Nd3 17.Bxh3 Bxh3 18.Nxe4 Nf4 19.f3 Bf5 20.gxf4 exf4 21.Bd4 Bxe4+ 22.fxe4 Qxe4+
23.Qd3 Qxd3+ 24.Rxd3 Bxd4 25.Rxd4 Rae8 26.Kc2 g5 27.Rd2 Re3 28.Rg2 Rg3 29.Rxg3
fxg3 30.Ng4 g2 31.Rg1 h5 32.Ne3 Rf2+ 33.Kd3 h4 34.Nxg2 Kh7 35.Ne1 Kh6 36.Ke3
Rxb2 37.Nf3 h3 38.Rg3 Rxa2 39.Rxh3+ Kg6 40.Rh8 Ra3+ 41.Ke4 Ra4 42.Nd2 b5 43.Rg8+
Kf6 44.Kd4 bxc4 45.Ne4+ Kf5 46.Rxg5+ Kf4 47.Nc3 Ra6 48.Rg6 Kf5 49.Re6 Rb6 50.Ne4
Rb4 51.Rf6+ Kg4 52.Nd2 Rb5 53.Nxc4 Rc5 54.Ne5+ Kg5 55.Rf3 Ra5 56.Nd3 Ra4+ 57.Kc3
Ra3+ 58.Kc4 Ra4+ 59.Kb5 Ra3 60.Ne5 Rxf3 61.Nxf3+ Kf4 62.Nd2 a5 63.Kc6 a4 64.Kxc7
Ke5 65.Kc6 Kd4 66.Nb1 Kc4 67.Kxd6 Kb3 68.Kc5 Kb2 69.Nd2 Kc3 70.Nc4 1-0

[Event " HL Men's 64. RUS Chmp. 2011"]
[Site "Taganrog"]
[Date "2011.06.24"]
[Round "9"]
[Board "1"]
[White "Rublevsky, Sergei"]
[Black "Kryakvin, Dmitry"]
[Result "1-0"]
[WhiteElo "2682"]
[BlackElo "2551"]
[PlyCount "57"]
[EventDate "2011.06.15"]
[EventRounds "11"]
[EventCountry "RUS"]

1.e4 c5 2.Nf3 d6 3.d4 cxd4 4.Nxd4 Nf6 5.Nc3 Nc6 6.Bc4 e6 7.Be3 Be7 8.Qe2 O-O
9.O-O-O a6 10.Bb3 Qe8 11.Kb1 Nd7 12.f4 Nc5 13.Rhf1 Nxb3 14.axb3 Bd7 15.f5 Bf6
16.g4 b5 17.Qd2 b4 18.Nce2 Rc8 19.Ng3 exf5 20.exf5 Be5 21.f6 g6 22.Nxc6 Rxc6
23.Bg1 Kh8 24.Qh6 Rg8 25.Ne4 Rxc2 26.Kxc2 Bf5 27.gxf5 Qc6+ 28.Nc5 dxc5 29.fxg6 1-0

[Event " HL Men's 64. RUS Chmp. 2011"]
[Site "Taganrog"]
[Date "2011.06.24"]
[Round "9"]
[Board "1"]
[White "Zvjaginsev, Vadim"]
[Black "Bukavshin, Ivan"]
[Result "1-0"]
[WhiteElo "2659"]
[BlackElo "2502"]
[PlyCount "61"]
[EventDate "2011.06.15"]
[EventRounds "11"]
[EventCountry "RUS"]

1.c4 c5 2.Nf3 Nc6 3.Nc3 e5 4.e3 f5 5.d4 e4 6.d5 exf3 7.dxc6 dxc6 8.Qxd8+ Kxd8
9.gxf3 Bd6 10.b3 Nf6 11.Bb2 Be6 12.O-O-O Ke7 13.Bd3 Rhd8 14.Kc2 g6 15.h4 Nh5
16.f4 Nf6 17.Ne2 Ng4 18.Rdf1 Bc7 19.h5 Rd7 20.hxg6 hxg6 21.Ba3 Bd6 22.Ng1 Bg8
23.Nf3 a5 24.Be2 a4 25.Bb2 axb3+ 26.axb3 b5 27.cxb5 Rb7 28.Bc4 Rxb5 29.Bxg8 Rxg8
30.Rh7+ Ke8 31.Nd2 1-0

[Event " HL Men's 64. RUS Chmp. 2011"]
[Site "Taganrog"]
[Date "2011.06.24"]
[Round "9"]
[Board "1"]
[White "Savchenko, Boris"]
[Black "Najer, Evgeniy"]
[Result "1-0"]
[WhiteElo "2630"]
[BlackElo "2643"]
[PlyCount "87"]
[EventDate "2011.06.15"]
[EventRounds "11"]
[EventCountry "RUS"]

1.c4 e5 2.g3 Nf6 3.Bg2 Nc6 4.Nc3 Bc5 5.Nf3 d6 6.O-O a6 7.e3 O-O 8.d3 Bf5 9.a3
Ba7 10.Nh4 Bg4 11.Qe1 Qd7 12.f3 Bh3 13.Bxh3 Qxh3 14.g4 h5 15.gxh5 Nxh5 16.Bd2
Nf4 17.Kh1 Nxd3 18.Qe2 Nxb2 19.Be1 Bxe3 20.Bg3 f5 21.Ng2 Bd4 22.Qxb2 Bxc3
23.Qxc3 f4 24.Bf2 Rf6 25.Rg1 Nd4 26.Nh4 Rh6 27.Rg2 Rxh4 28.Bxh4 Qxh4 29.Qd3 Qh7
30.Qxh7+ Kxh7 31.Rag1 Nf5 32.c5 dxc5 33.Rg5 g6 34.h4 Rd8 35.h5 Ng3+ 36.Kg2 Nxh5
37.Rxe5 Rd2+ 38.Kh3 Rd3 39.Rxc5 c6 40.Kg4 Kh6 41.Rb1 b5 42.Rxc6 Rxa3 43.Rh1 Kh7
44.Kg5 1-0

[Event " HL Men's 64. RUS Chmp. 2011"]
[Site "Taganrog"]
[Date "2011.06.24"]
[Round "9"]
[Board "1"]
[White "Volkov, Sergey"]
[Black "Reshetnikov, Alexey"]
[Result "1-0"]
[WhiteElo "2615"]
[BlackElo "2487"]
[PlyCount "95"]
[EventDate "2011.06.15"]
[EventRounds "11"]
[EventCountry "RUS"]

1.d4 d5 2.c4 c6 3.Nf3 Nf6 4.e3 Bf5 5.Nc3 e6 6.Nh4 Be4 7.f3 Bg6 8.Qb3 Qb6 9.Nxg6
hxg6 10.g3 Bd6 11.f4 Qxb3 12.axb3 Bb4 13.Bg2 Ne4 14.Bxe4 dxe4 15.Bd2 Bxc3
16.Bxc3 Nd7 17.d5 cxd5 18.Bxg7 Rh5 19.Bd4 dxc4 20.bxc4 Nc5 21.Kf2 Nb3 22.Rxa7
Rxa7 23.Bxa7 Ra5 24.Bd4 f5 25.Bc3 Ra4 26.h4 Rxc4 27.g4 fxg4 28.h5 gxh5 29.Rxh5
Nc1 30.Rg5 g3+ 31.Kf1 Nd3 32.Rb5 Nc5 33.Kg2 Kd7 34.Rb6 Kc7 35.Ba5 Rc2+ 36.Kxg3
Re2 37.Kg4 Kc8 38.Rd6 b6 39.Bxb6 Nd3 40.Bd4 Rg2+ 41.Kh5 e5 42.fxe5 Kc7 43.Rg6
Rh2+ 44.Kg5 Nxb2 45.Kf5 Kd7 46.Kxe4 Rh4+ 47.Kd5 Nd3 48.e6+ 1-0

[Event " HL Men's 64. RUS Chmp. 2011"]
[Site "Taganrog"]
[Date "2011.06.24"]
[Round "9"]
[Board "1"]
[White "Potkin, Vladimir"]
[Black "Alekseev, Evgeny"]
[Result "0-1"]
[WhiteElo "2682"]
[BlackElo "2673"]
[PlyCount "76"]
[EventDate "2011.06.15"]
[EventRounds "11"]
[EventCountry "RUS"]

1.c4 c5 2.Nf3 Nc6 3.Nc3 e5 4.e3 Nf6 5.d4 cxd4 6.exd4 e4 7.Ne5 Bb4 8.Be2 Qa5
9.Nxc6 dxc6 10.O-O O-O 11.Bd2 Re8 12.a3 Bxc3 13.Bxc3 Qg5 14.Bd2 Qg6 15.Qb3 h5
16.Rfe1 h4 17.h3 e3 18.Bxe3 Bxh3 19.Bf1 Bxg2 20.Bxg2 h3 21.Bg5 Qxg5 22.Qxh3 Nh5
23.d5 cxd5 24.cxd5 Nf4 25.Qg3 Qf6 26.Qc3 Ne2+ 27.Rxe2 Rxe2 28.Qxf6 gxf6 29.Rc1
Rxb2 30.Rc7 Rd8 31.Bf3 Kf8 32.Kg2 Ke8 33.Kg3 Rd7 34.Rc3 Ke7 35.Be4 Kd6 36.f3 Rc7
37.Rd3 Re7 38.Kf4 Re5 0-1

[Event " HL Men's 64. RUS Chmp. 2011"]
[Site "Taganrog"]
[Date "2011.06.24"]
[Round "9"]
[Board "1"]
[White "Kurnosov, Igor"]
[Black "Kobalia, Mikhail"]
[Result "0-1"]
[WhiteElo "2633"]
[BlackElo "2679"]
[PlyCount "98"]
[EventDate "2011.06.15"]
[EventRounds "11"]
[EventCountry "RUS"]

1.e4 e5 2.Nf3 Nc6 3.Bb5 Nf6 4.d3 Bc5 5.c3 O-O 6.Bxc6 bxc6 7.Nxe5 d5 8.d4 Bb6
9.O-O Nxe4 10.Nxc6 Qd6 11.Nb4 Re8 12.Re1 a5 13.Nd3 Ba6 14.Be3 Re7 15.Ne5 f6
16.Nf3 c6 17.Nbd2 Bc7 18.g3 g5 19.Rc1 Rae8 20.c4 dxc4 21.Nxe4 Rxe4 22.Nd2 R4e6
23.Nxc4 Qd5 24.Nd2 Bd6 25.Qb3 Bb4 26.Qxd5 cxd5 27.a3 Rxe3 28.Rxe3 Rxe3 29.axb4
Re2 30.Nf1 axb4 31.b3 Bd3 32.Rd1 Be4 33.Rd2 Re1 34.f3 Bxf3 35.Kf2 Rb1 36.Kxf3
Rxf1+ 37.Kg4 Kf7 38.Kh5 Rf3 39.Ra2 Rxb3 40.Ra7+ Ke6 41.Rxh7 Rd3 42.Kg6 Rxd4
43.Rf7 g4 44.Rxf6+ Ke5 45.Kg5 Ke4 46.Rb6 Kd3 47.Kf5 Kc3 48.Ke5 Rc4 49.Kxd5 b3 0-1

[Event " HL Men's 64. RUS Chmp. 2011"]
[Site "Taganrog"]
[Date "2011.06.24"]
[Round "9"]
[Board "1"]
[White "Khairullin, Ildar"]
[Black "Lysyj, Igor"]
[Result "1/2-1/2"]
[WhiteElo "2649"]
[BlackElo "2629"]
[PlyCount "87"]
[EventDate "2011.06.15"]
[EventRounds "11"]
[EventCountry "RUS"]

1.e4 e5 2.Nf3 Nc6 3.Bb5 Nf6 4.O-O Nxe4 5.d4 Nd6 6.Bxc6 dxc6 7.dxe5 Nf5 8.Qxd8+
Kxd8 9.Nc3 Ke8 10.h3 h5 11.Bf4 Be7 12.Rad1 Nh4 13.Nxh4 Bxh4 14.Ne2 Be7 15.Nd4 g5
16.Bg3 Rg8 17.e6 Bxe6 18.Nxe6 fxe6 19.Rfe1 Rg6 20.Bxc7 Rc8 21.Ba5 b6 22.Bc3 Rd8
23.Rxd8+ Bxd8 24.g4 hxg4 25.hxg4 Rh6 26.Kg2 Be7 27.a4 Bd6 28.Bd2 Rh2+ 29.Kf3
Rh3+ 30.Ke4 Be7 31.Be3 Bf6 32.b3 c5 33.Rd1 Ke7 34.a5 Rh4 35.Kf3 Rh8 36.a6 Rh3+
37.Ke4 Rh4 38.Kf3 Rh8 39.Kg2 Rh4 40.Kg3 Rh8 41.f4 gxf4+ 42.Bxf4 e5 43.Be3 Ke6
44.Rf1 1/2-1/2

[Event " HL Men's 64. RUS Chmp. 2011"]
[Site "Taganrog"]
[Date "2011.06.24"]
[Round "9"]
[Board "1"]
[White "Landa, Konstantin"]
[Black "Romanov, Evgeny"]
[Result "1-0"]
[WhiteElo "2613"]
[BlackElo "2624"]
[PlyCount "73"]
[EventDate "2011.06.15"]
[EventRounds "11"]
[EventCountry "RUS"]

1.e4 c5 2.Nf3 d6 3.d4 cxd4 4.Nxd4 Nf6 5.Nc3 Nc6 6.Bg5 e6 7.Qd2 Qb6 8.Nb3 Be7
9.Bxf6 Bxf6 10.Qxd6 Bd7 11.Nb5 O-O-O 12.c4 Ne5 13.Qxb6 axb6 14.f4 Nd3+ 15.Bxd3
Bxb5 16.cxb5 Rxd3 17.Rc1+ Kb8 18.Ke2 Rdd8 19.e5 Be7 20.Rhd1 g5 21.Rxd8+ Bxd8
22.Kf3 gxf4 23.Kxf4 Rg8 24.Rc2 Bc7 25.Nd4 Rd8 26.Nf3 Rd5 27.Kg5 Bxe5 28.Nxe5
Rxe5+ 29.Kh6 Rxb5 30.Kxh7 Rc5 31.Rxc5 bxc5 32.Kh6 Kc7 33.h4 Kd7 34.h5 e5 35.Kg5
Ke7 36.h6 Kf8 37.Kf6 1-0

[Event " HL Men's 64. RUS Chmp. 2011"]
[Site "Taganrog"]
[Date "2011.06.24"]
[Round "9"]
[Board "1"]
[White "Sakaev, Konstantin"]
[Black "Evdokimov, Alexander A"]
[Result "1/2-1/2"]
[WhiteElo "2629"]
[BlackElo "2561"]
[PlyCount "108"]
[EventDate "2011.06.15"]
[EventRounds "11"]
[EventCountry "RUS"]

1.d4 Nf6 2.c4 c5 3.d5 g6 4.Nc3 Bg7 5.e4 O-O 6.Nf3 d6 7.Bd3 e6 8.O-O exd5 9.exd5
Bg4 10.h3 Bxf3 11.Qxf3 Nfd7 12.Qd1 Ne5 13.Be2 f5 14.f4 Nf7 15.Qd3 Nd7 16.Bd2 Qf6
17.Kh1 Rae8 18.Rae1 Qd4 19.Qc2 Re7 20.Bd3 Qf6 21.Rxe7 Qxe7 22.Re1 Qd8 23.Qb3 Qc8
24.Re6 a6 25.a4 Nd8 26.Re1 Nf6 27.Qd1 Qd7 28.a5 Re8 29.Rxe8+ Nxe8 30.Qe1 Nf6
31.Bc2 Kf8 32.Kh2 Nf7 33.g3 h5 34.Kg2 Bh6 35.Nd1 Bg7 36.b3 Nh6 37.Nf2 Nhg8
38.Bd1 Bh6 39.Bf3 Bg7 40.Nd3 Qe8 41.Qxe8+ Kxe8 42.Bc3 Kd7 43.b4 cxb4 44.Bxb4 Ne7
45.Nf2 Kc7 46.Kf1 Nd7 47.Ke2 Bd4 48.Nd3 Ng8 49.g4 hxg4 50.hxg4 Ne7 51.g5 b6
52.Kd2 Nc8 53.Bd1 Nc5 54.Bxc5 Bxc5 1/2-1/2

[Event " HL Men's 64. RUS Chmp. 2011"]
[Site "Taganrog"]
[Date "2011.06.24"]
[Round "9"]
[Board "1"]
[White "Lintchevski, Daniil"]
[Black "Ponkratov, Pavel"]
[Result "1-0"]
[WhiteElo "2543"]
[BlackElo "2582"]
[PlyCount "73"]
[EventDate "2011.06.15"]
[EventRounds "11"]
[EventCountry "RUS"]

1.e4 e5 2.Nf3 Nc6 3.Nc3 g6 4.d4 exd4 5.Nxd4 Bg7 6.Be3 Nge7 7.Qd2 O-O 8.O-O-O d6
9.h4 h5 10.f3 Ne5 11.Bh6 a6 12.Bxg7 Kxg7 13.f4 Ng4 14.f5 Ng8 15.Bc4 N8f6 16.Rhf1
c5 17.Nf3 b5 18.e5 bxc4 19.exf6+ Qxf6 20.fxg6 fxg6 21.Nh2 Qd8 22.Rxf8 Qxf8
23.Rf1 Qd8 24.Nxg4 Bxg4 25.Ne4 Qxh4 26.Qc3+ Kh6 27.Qd2+ Kg7 28.Qc3+ Kh6 29.Qe3+
Kg7 30.Ng5 Qh2 31.Qe7+ Kh6 32.Nf7+ Kg7 33.Nd8+ Kh6 34.Qf8+ Kg5 35.Nf7+ Kh4
36.Qxa8 Kg3 37.Qe4 1-0

[Event " HL Men's 64. RUS Chmp. 2011"]
[Site "Taganrog"]
[Date "2011.06.24"]
[Round "9"]
[Board "1"]
[White "Shomoev, Anton"]
[Black "Danin, Alexandre"]
[Result "1-0"]
[WhiteElo "2566"]
[BlackElo "2534"]
[PlyCount "67"]
[EventDate "2011.06.15"]
[EventRounds "11"]
[EventCountry "RUS"]

1.d4 Nf6 2.c4 c6 3.Nc3 d5 4.e3 a6 5.Nf3 e6 6.b3 Bb4 7.Bd2 Nbd7 8.Bd3 O-O 9.O-O
Bd6 10.Rc1 Re8 11.e4 dxc4 12.Bxc4 Ba3 13.Rc2 Be7 14.e5 Nd5 15.Ne4 Nb4 16.Rb2 Nf8
17.a3 Nd5 18.b4 a5 19.bxa5 Bxa3 20.Rb3 Be7 21.Qb1 f5 22.exf6 Nxf6 23.Re1 Qc7
24.Nxf6+ Bxf6 25.d5 Re7 26.dxc6 Qxc6 27.Bd3 e5 28.a6 Rb8 29.Rc1 Qe8 30.Bb4 Rf7
31.Bd6 Ra8 32.axb7 Bxb7 33.Rxb7 e4 34.Bc4 1-0

[Event " HL Men's 64. RUS Chmp. 2011"]
[Site "Taganrog"]
[Date "2011.06.24"]
[Round "9"]
[Board "1"]
[White "Chadaev, Nikolai"]
[Black "Kornev, Alexei"]
[Result "0-1"]
[WhiteElo "2577"]
[BlackElo "2511"]
[PlyCount "106"]
[EventDate "2011.06.15"]
[EventRounds "11"]
[EventCountry "RUS"]

1.c4 Nf6 2.Nc3 e5 3.Nf3 Nc6 4.g3 Bc5 5.Bg2 d6 6.O-O O-O 7.a3 a6 8.d3 h6 9.b4 Ba7
10.Bb2 Bg4 11.h3 Be6 12.Rc1 Qd7 13.Kh2 Rfe8 14.Nd2 Ne7 15.e3 c6 16.Ne2 Ng6 17.d4
Rad8 18.Qb3 Qe7 19.Qc2 Bb8 20.Rfd1 h5 21.e4 h4 22.d5 Bd7 23.Nf1 cxd5 24.cxd5 Ba7
25.Ng1 Nh7 26.Nf3 Ng5 27.Nxg5 Qxg5 28.Qd2 Qxd2 29.Rxd2 Bb6 30.Re1 Rc8 31.Ne3
hxg3+ 32.fxg3 Ne7 33.Bf3 Rf8 34.Kg2 f5 35.exf5 Nxf5 36.Nxf5 Bxf5 37.Be4 Bd7
38.Rc1 Rcd8 39.Rc3 Bb5 40.Bd3 Bd4 41.Rcc2 Be3 42.Bxb5 Bxd2 43.Be2 Be3 44.Bg4 Rf6
45.Bc1 Bxc1 46.Rxc1 Rdf8 47.h4 Kh7 48.Rc3 Rf2+ 49.Kh3 Rd2 50.Be6 e4 51.Re3 Rd4
52.Kg4 g6 53.Rc3 Kh6 0-1

[Event " HL Men's 64. RUS Chmp. 2011"]
[Site "Taganrog"]
[Date "2011.06.24"]
[Round "9"]
[Board "1"]
[White "Bocharov, Dmitry"]
[Black "Mokshanov, Alexey"]
[Result "1/2-1/2"]
[WhiteElo "2580"]
[BlackElo "2393"]
[PlyCount "139"]
[EventDate "2011.06.15"]
[EventRounds "11"]
[EventCountry "RUS"]

1.d4 d5 2.c4 e6 3.Nc3 Nf6 4.cxd5 exd5 5.Bg5 Be7 6.e3 O-O 7.Bd3 Nbd7 8.Nge2 Re8
9.O-O c6 10.f3 Nf8 11.Bh4 Bd7 12.Kh1 Rc8 13.Qb3 Qb6 14.Qc2 Ng6 15.Bf2 c5 16.Qd2
cxd4 17.exd4 Bd6 18.Rac1 a6 19.Bb1 Bb5 20.Nxb5 Qxb5 21.Bd3 Qb4 22.Qxb4 Bxb4
23.Rcd1 Bd6 24.g3 Ne7 25.Kg2 Nc6 26.Rd2 Na5 27.b3 Bb4 28.Rdd1 Nc6 29.g4 Bd6
30.Rd2 g6 31.Bg3 Bxg3 32.hxg3 h5 33.gxh5 Nxh5 34.Kf2 Ng7 35.Nf4 Rcd8 36.Rc1 Rd6
37.Rc5 Ne6 38.Rxd5 Rxd5 39.Nxd5 Kg7 40.Ne3 Nexd4 41.Be4 Rd8 42.f4 f5 43.Bg2 Kf6
44.Rd1 Ne6 45.Nd5+ Kf7 46.Ke3 Nc5 47.Nc3 Rxd1 48.Nxd1 Ke6 49.Nc3 Kd6 50.Bd5 Ne6
51.a3 b6 52.Bxe6 Kxe6 53.Na4 Na5 54.b4 Nc4+ 55.Kd4 Nxa3 56.Nxb6 Kd6 57.Na4 Nb5+
58.Kc4 Na3+ 59.Kb3 Nb1 60.Nc5 Nd2+ 61.Ka4 Nf1 62.Ka5 Nxg3 63.Kxa6 Ne4 64.Nd3 g5
65.b5 gxf4 66.b6 Nf6 67.Nxf4 Nd7 68.b7 Nc5+ 69.Ka7 Nxb7 70.Kxb7 1/2-1/2

[Event " HL Men's 64. RUS Chmp. 2011"]
[Site "Taganrog"]
[Date "2011.06.24"]
[Round "9"]
[Board "1"]
[White "Sek, Konstantin"]
[Black "Yemelin, Vasily"]
[Result "1/2-1/2"]
[WhiteElo "2432"]
[BlackElo "2584"]
[PlyCount "86"]
[EventDate "2011.06.15"]
[EventRounds "11"]
[EventCountry "RUS"]

1.e4 e6 2.d4 d5 3.Nd2 c5 4.exd5 Qxd5 5.Ngf3 cxd4 6.Bc4 Qd6 7.O-O Nf6 8.Nb3 Nc6
9.Nbxd4 Nxd4 10.Qxd4 Qxd4 11.Nxd4 Bc5 12.Nb3 Bd6 13.Rd1 Ke7 14.Be3 b6 15.Bd4 Bb7
16.Bf1 h5 17.a4 Ng4 18.h3 Bh2+ 19.Kh1 Bc7 20.f3 Ne5 21.Re1 f6 22.f4 Nc6 23.Bc4
e5 24.Bc3 Rhd8 25.a5 bxa5 26.Bb5 Rab8 27.Bxc6 Bxc6 28.Nxa5 Bd5 29.fxe5 Bxe5
30.Bxe5 fxe5 31.c4 Ba8 32.Rxe5+ Kf6 33.Re2 Re8 34.Rae1 Rxe2 35.Rxe2 Kf5 36.Kg1
h4 37.b3 g5 38.Re7 Rd8 39.Rf7+ Ke4 40.Rxa7 Kf4 41.Kf2 Rd2+ 42.Ke1 Rd8 43.Kf2
Rd2+ 1/2-1/2

[Event " HL Men's 64. RUS Chmp. 2011"]
[Site "Taganrog"]
[Date "2011.06.24"]
[Round "9"]
[Board "1"]
[White "Diu, Viacheslav"]
[Black "Mikhailov, Sergey"]
[Result "1-0"]
[WhiteElo "2475"]
[BlackElo "2399"]
[PlyCount "95"]
[EventDate "2011.06.15"]
[EventRounds "11"]
[EventCountry "RUS"]

1.d4 d5 2.c4 e6 3.Nc3 Nf6 4.cxd5 exd5 5.Bg5 c6 6.e3 Nbd7 7.Bd3 Be7 8.Qc2 O-O
9.Nf3 Re8 10.h3 Nf8 11.O-O Ne4 12.Bf4 Nxc3 13.bxc3 Bd6 14.Bxd6 Qxd6 15.c4 dxc4
16.Bxc4 Be6 17.Rab1 Bxc4 18.Qxc4 Re7 19.Rfc1 h6 20.a4 Rc8 21.a5 Rec7 22.Nd2 Nd7
23.Ne4 Qe7 24.Nc5 Nxc5 25.Qxc5 Qxc5 26.Rxc5 Kf8 27.Kf1 Ke7 28.Ke2 Kd7 29.Kd3 Rb8
30.e4 b6 31.Rc3 Rcc8 32.axb6 axb6 33.Ra3 Kc7 34.Kc4 Ra8 35.Rba1 Kb7 36.Rxa8 Rxa8
37.Rxa8 Kxa8 38.d5 Kb7 39.e5 c5 40.f4 h5 41.g4 hxg4 42.hxg4 Kc7 43.f5 Kd7 44.g5
Ke7 45.f6+ gxf6 46.gxf6+ Kf8 47.Kb5 Ke8 48.Kxb6 1-0